000 00667nam a2200193Ia 4500
003 GCL
008 140319s9999 xx 000 0 ara d
040 _aGCL /
_cGCL
082 0 4 _a920.72
_bح س
100 1 _aحسام عبدالهادى
245 1 0 _aالسيدة الرئيسة السيدة الجاسوسة (النساء فى عالم الحكم والجاسوسية) /
_cحسام عبدالهادى
260 _a[S.N] :
_bدار الحسام للطباعة والنشر ،
_c1991
300 _a200 ص
490 _a
650 0 4 _aالمرأة فى السياسة
650 0 4 _aالجاسوسية
650 0 4 _aالنساء - تراجم
942 _2ddc
_cBK
999 _c42930
_d42930